Bank lending to developing countries and Possible solutions to international debt problems

Na minha lista:
Detalhes bibliográficos
Autor principal: Nunnenkamp, Peter
Formato: Livro
Idioma:inglês
Publicado em: Kiel Institut für Weltwirtschaft 1985
Colecção:Working Paper no. 225
Tags: Adicionar Tag
Sem tags, seja o primeiro a adicionar uma tag!

MARC

LEADER 00000nam a2200000 4500
001 c108579
005 20181203150302.5
041 0 |a eng 
044 |a DE 
245 1 0 |a Bank lending to developing countries and Possible solutions to international debt problems  |c Peter Nunnenkamp 
264 1 |a Kiel  |b Institut für Weltwirtschaft  |c 1985 
300 |a 27 s. 
490 1 |a Working Paper  |v no. 225 
830 0 |a Working Paper  |v no. 225 
100 1 |a Nunnenkamp, Peter